Wszystkie gry z serii BTD - Statystyki

Ogólne statystyki
  • Ten quiz został rozwiązany 17 razy
    14 od ostatniego zresetowania
  • Średni wynik to 8 z 22
Statystyki odpowiedzi
Nazwa gry % Poprawnych
Bloons Tower Defense
93%
Bloons Tower Defense 2
93%
Bloons Tower Defense 3
93%
Bloons Tower Defense 4
93%
Bloons Tower Defense 5
93%
Bloons Tower Defense 6
86%
Bloons
71%
Bloons Monkey City
43%
Bloons Tower Defense Battles
36%
Bloons 2
29%
Bloons Tower Defense Battles 2
29%
Bloons Pop!
14%
Bloons Super Monkey
14%
Bloons Super Monkey 2
14%
Bloons Tower Defense Adventure Time
7%
Bloons Insanity
0%
Bloons Junior
0%
Bloons Player Pack 1-5
0%
Bloons Pop 3
0%
Even More Bloons
0%
Hot Air Bloon
0%
More Bloons
0%
Nie znaleziono quizów pasujących do podanych kryteriów
Rozkład punktacji
Procent ludzi z każdym wynikiem
Percentyl według liczby udzielonych odpowiedzi
Twoja historia wyników
Nie rozwiązałeś tego quizu od ostatniego zresetowania